000 01042nam0a22002651 4500
001 rc\3027887
005 20250810061122.0
035 _a(NLR Aleph) 007169027
090 _a7326819
_c7326819
100 _a20110929d1945 u y0rusy50 ca
101 0 _arus
102 _aRU
105 _aa z |||||
200 1 _aЕстествознание
_e(Вода, воздух, гранит и известняки)
_eУчебник для 4-го класса школ глухонемых Упр. НКП РСФСР
_fВ.Л. Попов
205 _a3-е изд.
210 _aМосква
_cУчпедгиз
_d1945
_gтип. № 10 Упр. изд-в и полиграфии Исполкома Ленгорсовета
215 _a29 с.
_cил.
_d22 см
700 1 _aПопов
_bВ.Л.
_gВладимир Лаврентьевич
801 0 _aRU
_bNLR
_gpsbo
801 1 _aRU
_bELAR
_2rusmarc
852 _aNLR
_jЕ02 Г-6/11
942 _cBOOK
945 _aРоссийская национальная библиотека
980 _aNB
980 _aBV